000 01886pam a2200397 a 4500
001 2976129
003 ARRUPE
005 20150120132207.0
008 920129s1992 nbu b 100 0 eng
010 _a 92006977
020 _a0803238843 (alk. paper)
020 _a0803289405 (pbk. : alk. paper)
040 _aDLC
_cDLC
_dDLC
043 _an-us---
050 0 0 _aLB2322.2
_b.L64 1992
082 0 0 _a378/.001
_220
245 0 0 _aLogomachia :
_bthe conflict of the faculties /
_cedited by Richard Rand.
260 _aLincoln :
_bUniversity of Nebraska Press,
_cc1992.
300 _axii, 218 p. ;
_c23 cm.
500 _aPapers originally presented at a symposium on the topic of Kant's Der Streit der Fakultäten. It was sponsored by the English Department of the University of Alabama in 1987.
504 _aIncludes bibliographical references.
600 1 0 _aKant, Immanuel,
_d1724-1804.
_tStreit der Fakultäten.
_914290
650 0 _aEducation, Higher
_xPhilosophy
_vCongresses.
_914291
650 0 _aEducation, Higher
_zUnited States
_xPhilosophy
_vCongresses.
_914292
650 0 _aPhilosophy
_vCongresses.
_914293
650 0 _aAcademic freedom
_vCongresses.
_914294
650 0 _aPhilosophy and religion
_vCongresses.
_914295
650 0 _aLaw
_xPhilosophy
_vCongresses.
_914296
650 0 _aMedicine
_xPhilosophy
_vCongresses.
_914297
700 1 _aRand, Richard,
_d1939-
_914298
856 4 2 _3Contributor biographical information
_uhttp://www.loc.gov/catdir/enhancements/fy0728/92006977-b.html
856 4 2 _3Publisher description
_uhttp://www.loc.gov/catdir/enhancements/fy0728/92006977-d.html
906 _a7
_bcbc
_corignew
_d1
_eocip
_f19
_gy-gencatlg
942 _2lcc
_cMONOGRAPH
999 _c121790
_d121790